Proceedings of the Third National Seminar : Wood Based Panel Produts in the New Millinnium : Meeting Demands and Challenges

Bibliographic Details
Corporate Author: JPSM
Other Authors: Rahim Sudin, Wan Rasidah Kadir
Format: Book
Published: Selangor : FRIM , 2002
Subjects:

MARC

LEADER 00000cam a2200000 7i4500
001 0000004049
005 20151030.0
020 0 0 |a 9832181313 
090 0 0 |a 674.8   |b WOO 2002 
245 0 0 |a Proceedings of the Third National Seminar :   |b Wood Based Panel Produts in the New Millinnium : Meeting Demands and Challenges   |c editors Mohd Nor Mohd Yusoff...[et.all] 
260 0 0 |a Selangor :   |b FRIM ,   |c 2002 
300 |a 105pages. :   |b ill. ;   |c 25 cm. 
650 0 0 |a Forest products industry---Congresses 
650 0 0 |a Wood products---Congresses 
700 0 1 |a Rahim Sudin 
700 0 1 |a Wan Rasidah Kadir 
710 1 1 |a JPSM 
999 |a 007872   |b Monograph   |c Open Shelf   |e Default branch